Library Logo

Pioneer International University Library Catalogue

Economics (Record no. 4348)

MARC details
000 -LEADER
fixed length control field 00232nam a22000977a 4500
005 - DATE AND TIME OF LATEST TRANSACTION
control field 20250901165448.0
008 - FIXED-LENGTH DATA ELEMENTS--GENERAL INFORMATION
fixed length control field 210406b ||||| |||| 00| 0 eng d
050 ## - LIBRARY OF CONGRESS CALL NUMBER
Classification number HB171.5 .H96 1979
245 ## - TITLE STATEMENT
Title Economics
Statement of responsibility, etc. HYMAN, DAVID N.
942 ## - ADDED ENTRY ELEMENTS (KOHA)
Source of classification or shelving scheme Library of Congress Classification
Holdings
Withdrawn status Lost status Source of classification or shelving scheme Damaged status Not for loan Home library Current library Shelving location Date acquired Total checkouts Full call number Barcode Date last seen Price effective from Koha item type
    Library of Congress Classification     Main Library Main Library   04/06/2021   HB171.5 .H96 1979 PIU0000712 04/06/2021 04/06/2021 Books
    Library of Congress Classification     Main Library Main Library   04/06/2021   HB171.5 .H96 1979 PIU0000711 04/06/2021 04/06/2021 Books